Primetime Emmy Winners for Outstanding Animated Program - Statistics

General Stats
  • This quiz has been taken 31 times
    21 since last reset
  • The average score is 24 of 36
Answer Stats
Year Episode Show % Correct
2023 "Treehouse of Horror XXXIII" The Simpsons
100%
2019 "Mad About the Toy" The Simpsons
100%
2008 "Eternal Moonshine of the Simpson Mind" The Simpsons
100%
2006 "The Seemingly Never-Ending Story" The Simpsons
100%
2003 "Three Gays of the Condo" The Simpsons
100%
2001 "HOMR" The Simpsons
100%
2000 "Behind the Laughter" The Simpsons
100%
1998 "Trash of the Titans" The Simpsons
100%
1997 "Homer's Phobia" The Simpsons
100%
1995 "Lisa's Wedding" The Simpsons
100%
1991 "Homer vs. Lisa and the 8th Commandment" The Simpsons
100%
1990 "Life on the Fast Lane" The Simpsons
100%
2011 "The Late Philip J. Fry" Futurama
88%
2002 "Roswell That Ends Well" Futurama
88%
2020 "The Vat of Acid Episode" Rick & Morty
88%
2018 "Pickle Rick" Rick & Morty
88%
2017 "Bob Actually" Bob's Burgers
82%
2014 "Mazel Tina" Bob's Burgers
82%
2013 "Raising the Bar" South Park
82%
2009 "Margaritaville" South Park
82%
2007 "Make Love, Not Warcraft" South Park
82%
2005 "Best Friends Forever" South Park
82%
1999 "They Call It Bobby Love" King of the Hill
59%
1996 "A Pinky and the Brain Christmas" Pinky and the Brain
53%
2025 "The Dirt Under Your Nails" Arcane
41%
2022 "When These Walls Come Tumbling Down" Arcane
41%
2016 "The Figgis Agency" Archer
41%
1993 "Robin's Reckoning Part 1" Batman The Animated Series
35%
2015 Chapters 1-10 Over the Garden Wall
29%
2024 "The Tale of the Ronin and the Bride" Blue Eye Samurai
24%
2012 "The Return of the Revenge of Dr. Blowhole" The Penguins of Madagascar
24%
1992 TV Short Claymation Easter
12%
2021 "Plague of Madness" Genndy Tartakovsky's Primal
12%
2010 TV Short Prep & Landing
12%
2004 "The Birth of Evil" Samurai Jack
12%
1994 TV Movie The Roman City
6%
No matching quizzes found
Score Distribution
Percent of People with Each Score
Percentile by Number Answered
Your Score History
You have not taken this quiz since the last reset